000 01230nam a2200265 a 4500
001 BRCA_8559
005 20190320210329.0
008 170816s1699----au-#######---#000-0#ger-#
041 _ager
044 _aau
050 4 _aR5920
_b.B73
_c1699
245 1 0 _aBranat aussel christliche samaritans oder auk lchristilcher lich dek machsten erosshele behaimbnuk biler vortresslichen sonders bemahrten mittein und wunder hanlsamen urknenen mider unter schidliche zustand und ubel dek menschliche leibs und lebens melche mit sonderbahrem fleik und auss das hanl dek nachsten allzeit nachdendlicher surg and viler arzenen crfahrner und beruhmter leib arzten oder medicin- doctorn, lang gepflogener crfahrenheit.
260 _aDesterreich
_bLeopold boigt
_c1699
300 _a499 p.
_c20 cm
500 _aFondo antiguo
500 _aCO8-411
500 _aSe encuentra en Caja Fuerte
500 _aPortada impresa en dos tintas negro y rojo
500 _aNota de encuadernación: piel pergamino, deteriorado del lomo
500 _aIncluye índice
506 0 _aFondo reservado: para su consulta es necesario credencial de usuario y carta de motivos
650 1 4 _aMedicina
_eterapéutica
_98143
902 _aLAR
942 _2lcc
_cB
999 _c8222
_d8222